[Event "PRAGUE OPEN 2020 - A - IM open"]
[Site "Praha, Olympik hotel"]
[Date "2020.01.17"]
[Round "9"]
[White "PTACNIKOVA, Lenka"]
[Black "VORISEK, Jakub"]
[Result "1/2-1/2"]
[WhiteElo "2076"]
[BlackElo "2229"]
[PlyCount "66"]
[EventDate "2020.01.10"]

1. c4 e6 2. g3 d5 3. Bg2 c5 4. Nf3 Nc6 5. O-O Nf6 6. cxd5 exd5 7. d4 Be7 8.
dxc5 Bxc5 9. Bg5 O-O 10. Bxf6 Qxf6 11. Nc3 d4 12. Nd5 Qd8 13. Nd2 Be6 14. Nf4
Re8 15. Rc1 Bb6 16. Nxe6 Rxe6 17. Nc4 Qe8 18. Nxb6 axb6 19. Rc2 h6 20. Rd2 Qe7
21. a3 b5 22. Re1 Rd8 23. Qb3 Qc5 24. Red1 Na5 25. Qc2 Qxc2 26. Rxc2 b6 27. e3
Red6 28. Rcd2 Nc4 29. Rxd4 Rxd4 30. exd4 Nxb2 31. Rb1 Nc4 32. Rxb5 Rxd4 33. Bf1
Nxa3 1/2-1/2

[Event "PRAGUE OPEN 2020 - A - IM open"]
[Site "Praha, Olympik hotel"]
[Date "2020.01.17"]
[Round "9"]
[White "NGUYEN, Thai Dai Vinh"]
[Black "WILEY, Tom E"]
[Result "1/2-1/2"]
[WhiteElo "1953"]
[BlackElo "2170"]
[PlyCount "22"]
[EventDate "2020.01.10"]

1. e4 e6 2. d4 d5 3. Nd2 Be7 4. Bd3 c5 5. Ngf3 Nf6 6. exd5 Qxd5 7. Ne4 Nxe4 8.
Bxe4 Bf6 9. Be3 O-O 10. Bd3 Qd7 11. dxc5 Bd4 1/2-1/2

[Event "PRAGUE OPEN 2020 - A - IM open"]
[Site "Praha, Olympik hotel"]
[Date "2020.01.17"]
[Round "9"]
[White "SOLBU, Lasse Tveter"]
[Black "TSOTSONAVA, Elene"]
[Result "1/2-1/2"]
[WhiteElo "1898"]
[BlackElo "2078"]
[PlyCount "62"]
[EventDate "2020.01.10"]

1. e4 c5 2. Nc3 Nc6 3. f4 g6 4. Nf3 Bg7 5. Bb5 Nd4 6. O-O e6 7. e5 Ne7 8. Nxd4
cxd4 9. Ne4 O-O 10. b3 a6 11. Bd3 d5 12. Ng5 f6 13. Nf3 Nc6 14. Ba3 Rf7 15. Qe2
b5 16. Bc5 fxe5 17. fxe5 Bd7 18. Bxd4 Rxf3 19. Qxf3 Nxd4 20. Qf7+ Kh8 21. Rae1
Rc8 22. Re3 Nc6 23. Bxg6 Be8 24. Qxe8+ Qxe8 25. Bxe8 Rxe8 26. Rf7 Bxe5 27. Rh3
Bg7 28. Rc7 Nd4 29. c3 Ne2+ 30. Kf2 Nf4 31. Rf3 e5 1/2-1/2

[Event "PRAGUE OPEN 2020 - A - IM open"]
[Site "Praha, Olympik hotel"]
[Date "2020.01.17"]
[Round "9"]
[White "ORTOFT, Kai"]
[Black "WEIJERS, Ralf"]
[Result "1/2-1/2"]
[WhiteElo "1963"]
[BlackElo "1858"]
[PlyCount "48"]
[EventDate "2020.01.10"]

1. d4 Nf6 2. Nf3 g6 3. Bf4 Bg7 4. e3 d6 5. h3 O-O 6. Be2 c5 7. c3 b6 8. Nbd2
Bb7 9. O-O d5 10. a4 Nbd7 11. Bh2 a6 12. b4 c4 13. b5 Ne8 14. Qc2 Nc7 15. bxa6
Bxa6 16. Rfb1 f5 17. Ne5 Bxe5 18. dxe5 Ne6 19. Nf3 Nec5 20. Nd4 e6 21. f4 Re8
22. Rb2 Qc7 23. Bf3 Rf8 24. Bg3 Bb7 1/2-1/2

[Event "PRAGUE OPEN 2020 - A - IM open"]
[Site "Praha, Olympik hotel"]
[Date "2020.01.17"]
[Round "9"]
[White "AIRD, Ian"]
[Black "TESAR, Jan"]
[Result "0-1"]
[WhiteElo "1857"]
[BlackElo "2001"]
[PlyCount "38"]
[EventDate "2020.01.10"]

1. d4 d5 2. Bf4 Nf6 3. e3 e6 4. Nd2 Bd6 5. Bg3 O-O 6. Ngf3 c5 7. c3 Nc6 8. Bd3
b6 9. Qe2 Re8 10. e4 e5 11. dxc5 Bxc5 12. Rd1 Bg4 13. O-O d4 14. Bb5 Qc7 15.
Nb3 Red8 16. cxd4 Nxd4 17. Nbxd4 Bxd4 18. Rxd4 Rxd4 19. Bxe5 Qxe5 0-1

[Event "PRAGUE OPEN 2020 - A - IM open"]
[Site "Praha, Olympik hotel"]
[Date "2020.01.17"]
[Round "9"]
[White "TURKOVA, Karolina"]
[Black "HUSA, Daniel"]
[Result "1/2-1/2"]
[WhiteElo "1981"]
[BlackElo "1841"]
[PlyCount "35"]
[EventDate "2020.01.10"]

1. e4 c5 2. Nf3 e6 3. d4 cxd4 4. Nxd4 Nf6 5. Nc3 Nc6 6. Bg5 Bb4 7. Nde2 Qa5 8.
Bxf6 gxf6 9. a3 Bxc3+ 10. Nxc3 Ke7 11. Be2 a6 12. Qd2 b5 13. Rd1 Qc7 14. O-O
Bb7 15. f4 Rhg8 16. Rf3 Rad8 17. Kh1 d6 18. Qe3 1/2-1/2

[Event "PRAGUE OPEN 2020 - A - IM open"]
[Site "Praha, Olympik hotel"]
[Date "2020.01.17"]
[Round "9"]
[White "PESOLA, Jyrki"]
[Black "PASCOT, Jean"]
[Result "1-0"]
[WhiteElo "1874"]
[BlackElo "1809"]
[PlyCount "51"]
[EventDate "2020.01.10"]

1. e4 e5 2. Nf3 Nc6 3. Bc4 Nf6 4. d3 h6 5. c3 Be7 6. O-O O-O 7. Bb3 d6 8. h3
Be6 9. Bc2 Qd7 10. Re1 d5 11. exd5 Bxd5 12. Nxe5 Nxe5 13. Rxe5 Bd6 14. Re2 Rfe8
15. Rxe8+ Rxe8 16. Be3 Re5 17. Nd2 Rh5 18. Qf1 Ng4 19. Ne4 Nh2 20. Qe2 Rxh3 21.
gxh3 Qxh3 22. Bd1 Nf1 23. Qg4 Qh2+ 24. Kxf1 Be6 25. Qh5 Bh3+ 26. Ke1 1-0

[Event "PRAGUE OPEN 2020 - A - IM open"]
[Site "Praha, Olympik hotel"]
[Date "2020.01.17"]
[Round "9"]
[White "DAY, Tobias"]
[Black "GRICHKEVITCH, Gilles"]
[Result "0-1"]
[WhiteElo "1780"]
[BlackElo "1985"]
[PlyCount "42"]
[EventDate "2020.01.10"]

1. e4 c5 2. Nf3 e6 3. Nc3 Nc6 4. Bb5 Nd4 5. a4 a6 6. Bc4 Nf6 7. e5 d5 8. exd6
Bxd6 9. O-O Bd7 10. d3 Bc6 11. Nxd4 cxd4 12. Ne2 h5 13. f4 Ng4 14. h3 Ne3 15.
Bxe3 dxe3 16. d4 g5 17. f5 Qe7 18. f6 Qd7 19. Bd3 Bc7 20. Qe1 Qd6 21. g3 Qd5
0-1

[Event "PRAGUE OPEN 2020 - A - IM open"]
[Site "Praha, Olympik hotel"]
[Date "2020.01.17"]
[Round "9"]
[White "TOMANEK, Karel"]
[Black "SOUCEK, Jan"]
[Result "0-1"]
[WhiteElo "1428"]
[BlackElo "1833"]
[PlyCount "70"]
[EventDate "2020.01.10"]

1. d4 d5 2. c4 e6 3. Nc3 c6 4. a3 Be7 5. Nf3 Nf6 6. Bg5 Nbd7 7. e3 O-O 8. Bd3
a6 9. O-O dxc4 10. Bxc4 b5 11. Ba2 Re8 12. Rc1 Bb7 13. Re1 Nh5 14. Bxe7 Qxe7
15. Ne2 Red8 16. Bb1 Nhf6 17. Qc2 Rac8 18. Nc3 c5 19. Ne5 cxd4 20. exd4 g6 21.
f3 Nb6 22. Qf2 Nfd5 23. Be4 Nf4 24. Ne2 Nbd5 25. Nxf4 Nxf4 26. Red1 Rxc1 27.
Rxc1 Nh3+ 28. gxh3 Qg5+ 29. Ng4 Qxc1+ 30. Kg2 Bxe4 31. fxe4 Qg5 32. Kg3 h5 33.
Kf3 hxg4+ 34. hxg4 Qf6+ 35. Ke3 Qxd4+ 0-1

[Event "PRAGUE OPEN 2020 - B - FIDE open"]
[Site "Praha, Olympik hotel"]
[Date "2020.01.17"]
[Round "9"]
[White "LU, Miaoyi"]
[Black "DENIZET, Briac"]
[Result "0-1"]
[WhiteElo "1734"]
[BlackElo "1852"]
[PlyCount "66"]
[EventDate "2020.01.10"]

1. d4 Nf6 2. c4 g6 3. Nc3 d6 4. Nf3 Bg7 5. g3 O-O 6. Bg2 Nc6 7. O-O a6 8. Bf4
Nd7 9. d5 Nce5 10. Nxe5 Nxe5 11. Bxe5 Bxe5 12. f4 Bg7 13. e4 b5 14. Qd3 b4 15.
Nd1 Bd7 16. Rb1 c5 17. Ne3 Qa5 18. a3 bxa3 19. bxa3 Rab8 20. Kh1 Qc3 21. Qxc3
Bxc3 22. Bf3 Ba4 23. Kg2 Bd4 24. Kf2 Bc2 25. Rxb8 Rxb8 26. Ke2 Ba4 27. Nd1 Rb3
28. f5 Rxa3 29. fxg6 hxg6 30. Bg4 Bb3 31. Kd2 Ra2+ 32. Kc1 Bxc4 33. Rh1 Bd3 0-1

[Event "PRAGUE OPEN 2020 - B - FIDE open"]
[Site "Praha, Olympik hotel"]
[Date "2020.01.17"]
[Round "9"]
[White "KYLAR, Miroslav"]
[Black "BEZDEK, Tomas"]
[Result "1-0"]
[WhiteElo "1899"]
[BlackElo "1255"]
[PlyCount "54"]
[EventDate "2020.01.10"]

1. Nf3 c5 2. c4 Nc6 3. Nc3 g6 4. b3 Bg7 5. Bb2 d6 6. g3 Bd7 7. Bg2 Nf6 8. d4
cxd4 9. Nxd4 O-O 10. O-O Nxd4 11. Qxd4 Ne8 12. Qd2 Bc6 13. e4 Nc7 14. Nd5 Bxb2
15. Qxb2 b5 16. Rfc1 bxc4 17. Rxc4 Nxd5 18. exd5 Bb5 19. Rh4 f6 20. Qd2 g5 21.
Re4 Rc8 22. Rae1 Rc7 23. Qe3 Re8 24. Bf3 Qc8 25. Bh5 Rc3 26. Qxa7 Bd3 27. Rxe7
Rxe7 1-0

[Event "PRAGUE OPEN 2020 - B - FIDE open"]
[Site "Praha, Olympik hotel"]
[Date "2020.01.17"]
[Round "9"]
[White "KISELEVA, Elizaveta"]
[Black "ROUBAL, Matyas"]
[Result "1-0"]
[WhiteElo "1668"]
[BlackElo "1253"]
[PlyCount "63"]
[EventDate "2020.01.10"]

1. e4 d5 2. exd5 Nf6 3. Nf3 Nxd5 4. d4 Bg4 5. Be2 e6 6. O-O Bd6 7. h3 Bh5 8. c4
Nf4 9. c5 Nxe2+ 10. Qxe2 Be7 11. Qb5+ Nd7 12. c6 bxc6 13. Qxh5 Nf6 14. Qa5 Nd5
15. a3 Bd6 16. Nc3 O-O 17. Ne4 Rb8 18. Qxa7 Rb3 19. Qa4 Rxf3 20. gxf3 Qh4 21.
Kg2 Bf4 22. Rh1 f5 23. Ng3 Bxc1 24. Raxc1 Nf4+ 25. Kf1 Nxh3 26. Qxc6 h6 27.
Qxe6+ Kh7 28. Rxc7 Nf4 29. Rxh4 Nxe6 30. Re7 f4 31. Rxe6 fxg3 32. Kg2 1-0

[Event "PRAGUE OPEN 2020 - B - FIDE open"]
[Site "Praha, Olympik hotel"]
[Date "2020.01.17"]
[Round "9"]
[White "BJORNES, Leif"]
[Black "KRAJINSKI, Lutz"]
[Result "1/2-1/2"]
[WhiteElo "1857"]
[BlackElo "1560"]
[PlyCount "33"]
[EventDate "2020.01.10"]

1. d4 d5 2. c4 e6 3. Nc3 Nf6 4. Bg5 Be7 5. e3 Nbd7 6. Nf3 O-O 7. Qc2 c5 8. cxd5
Nxd5 9. Bxe7 Qxe7 10. g3 b6 11. Nxd5 exd5 12. Bd3 g6 13. O-O Bb7 14. Rfc1 Rfc8
15. Qd1 c4 16. Bf1 b5 17. Bg2 1/2-1/2

[Event "PRAGUE OPEN 2020 - B - FIDE open"]
[Site "Praha, Olympik hotel"]
[Date "2020.01.17"]
[Round "9"]
[White "KORMANOS, Samuel"]
[Black "SIMKIN, Alexander"]
[Result "0-1"]
[WhiteElo "1494"]
[BlackElo "1815"]
[PlyCount "66"]
[EventDate "2020.01.10"]

1. d4 Nf6 2. Bf4 d5 3. e3 e6 4. Nf3 Be7 5. Be2 O-O 6. O-O Nbd7 7. h3 c5 8. c4
cxd4 9. exd4 dxc4 10. Bxc4 Nb6 11. Bb3 Nbd5 12. Bh2 b6 13. Nc3 Ba6 14. Re1 Rc8
15. Nxd5 Nxd5 16. a3 Bd6 17. Bxd6 Qxd6 18. Qd2 Rfd8 19. Rac1 Nf4 20. Rxc8 Bxc8
21. Re4 Ng6 22. Re1 Bb7 23. Bc2 Bxf3 24. Bxg6 hxg6 25. gxf3 Qxd4 26. Qxd4 Rxd4
27. Kg2 Rd2 28. b4 Rd3 29. a4 Kf8 30. Kg3 Ke7 31. Kf4 f5 32. Kg3 e5 33. h4 e4
0-1

[Event "PRAGUE OPEN 2020 - B - FIDE open"]
[Site "Praha, Olympik hotel"]
[Date "2020.01.17"]
[Round "9"]
[White "AKERMAN, Jan"]
[Black "KOLMAS, Oldrich"]
[Result "1/2-1/2"]
[WhiteElo "1543"]
[BlackElo "1711"]
[PlyCount "47"]
[EventDate "2020.01.10"]

1. e4 c6 2. d4 d5 3. e5 Bf5 4. Bd3 Qd7 5. Ne2 g6 6. c3 Bg7 7. Ng3 Bxd3 8. Qxd3
c5 9. b3 cxd4 10. cxd4 Nc6 11. Bb2 f6 12. f4 Nh6 13. O-O O-O 14. a3 fxe5 15.
fxe5 Rxf1+ 16. Nxf1 Rf8 17. Nbd2 e6 18. Nf3 Ne7 19. Rc1 Nhf5 20. Ne3 Nxe3 21.
Qxe3 Rc8 22. Rc3 Nf5 23. Qc1 Rxc3 24. Qxc3 1/2-1/2

[Event "PRAGUE OPEN 2020 - B - FIDE open"]
[Site "Praha, Olympik hotel"]
[Date "2020.01.17"]
[Round "9"]
[White "HRABE, Vojtech"]
[Black "FORD, Clifton P"]
[Result "0-1"]
[WhiteElo "1361"]
[BlackElo "1803"]
[PlyCount "52"]
[EventDate "2020.01.10"]

1. e4 d5 2. exd5 Qxd5 3. Nc3 Qa5 4. d4 Nf6 5. Bc4 Bf5 6. Nge2 Bg4 7. f3 Bf5 8.
O-O e6 9. Ng3 Bg6 10. Re1 Be7 11. Qe2 O-O 12. Bg5 Qxg5 13. Nce4 Qf4 14. Bb3
Nbd7 15. c4 Rad8 16. a3 Nxe4 17. Nxe4 Nf6 18. Rad1 Rd7 19. c5 Rfd8 20. g3 Qh6
21. Qc4 Nxe4 22. fxe4 Bf6 23. e5 Bg5 24. h4 Be3+ 25. Kh2 Rxd4 26. Qe2 Rxh4+ 0-1

[Event "PRAGUE OPEN 2020 - B - FIDE open"]
[Site "Praha, Olympik hotel"]
[Date "2020.01.17"]
[Round "9"]
[White "VORSILKA, Jiri"]
[Black "PINKAS, Jiri"]
[Result "1-0"]
[WhiteElo "1549"]
[BlackElo "1746"]
[PlyCount "57"]
[EventDate "2020.01.10"]

1. e4 d6 2. d4 Nf6 3. Nc3 g6 4. Nf3 Bg7 5. Be2 O-O 6. O-O c6 7. Bf4 Nbd7 8. Qd2
c5 9. d5 a6 10. h3 b5 11. Bh6 b4 12. Bxg7 Kxg7 13. Nd1 Nxe4 14. Qf4 Nef6 15.
Ne3 Nb6 16. Rad1 Bb7 17. Bc4 Nxc4 18. Qxc4 Nd7 19. Qh4 Nf6 20. g4 h6 21. g5
hxg5 22. Nf5+ gxf5 23. Qxg5+ Kh8 24. Qh6+ Kg8 25. Kh1 Ng4 26. hxg4 f6 27. gxf5
Rf7 28. Rg1+ Rg7 29. Qxg7# 1-0

[Event "PRAGUE OPEN 2020 - B - FIDE open"]
[Site "Praha, Olympik hotel"]
[Date "2020.01.17"]
[Round "9"]
[White "RENKENS, Stef"]
[Black "NOVAK, Pavel"]
[Result "1-0"]
[WhiteElo "1668"]
[BlackElo "1503"]
[PlyCount "47"]
[EventDate "2020.01.10"]

1. e4 c5 2. Nf3 d6 3. d4 cxd4 4. Nxd4 Nc6 5. Nc3 g6 6. Be3 Bg7 7. Be2 Nf6 8. a3
O-O 9. Qd2 d5 10. Nxc6 bxc6 11. e5 Nd7 12. f4 Nb6 13. O-O Qc7 14. Rae1 Bb7 15.
Bc5 Bh6 16. Qe3 Rfe8 17. Qh3 Bf8 18. e6 f5 19. Bh5 Nc4 20. Qg3 Bg7 21. Bxg6
hxg6 22. Qxg6 Kh8 23. Rf3 Nd2 24. Rh3+ 1-0